000 01017nam a2200265Ia 4500
003 OSt
005 20221005112558.0
006 a|||||r|||| 00| 0
007 ta
008 221004b |||||||| |||| 00| 0 pan d
020 _a9789383392889 (hbk)
_cINR 495.00
024 _a44781
037 _b1043, 02/02/2019, H.K. Prakashan
_cTextual
040 _aCRL
_cCRL
_bpan
041 _2pan
_apan
082 _aO153,6x, Q8
100 _aਹਲਵਾਰਵੀ, ਹਰਭਜਨ ਸਿੰਘ, ਂਚ.
245 0 _aਅਜੋਕਾ ਅਰਥਚਾਰਾ
_b ਤੱਥ ਤੇ ਪ੍ਰਭਾਵ 1978-2003
260 _aਚੰਡੀਗੜ੍ਹ
_bਲੋਕਗੀਤ ਪ੍ਰਕਾFਨ ਭਾਰਤ
_c2018
300 _a350ਪ੍ਰ0
_ccm.
650 _a ਪੰਜਾਬੀ ਨਿਬੰਧ
650 _aਪੰਜਾਬੀ ਸਾਹਿਤ
942 _hO153,6x, Q8
_cTEXL
_2cc
999 _c1025314
_d1025314